| 000 | 00466nam a2200181Ia 4500 | ||
|---|---|---|---|
| 001 | 11004 | ||
| 005 | 20260306161914.0 | ||
| 008 | 260306t2012||||xx |||||||||||||| ||spa|| | ||
| 041 | _aESP | ||
| 082 |
_a985 _bS23 |
||
| 100 |
_aSánchez-Concha Barrios, Rafael _eAUT |
||
| 245 | 0 |
_aMiradas al Perú histórico: _bnotas sobre el pasado peruano |
|
| 260 | _c2012 | ||
| 300 |
_a350 páginas : _c21 cm. |
||
| 650 | _aGEN | ||
| 654 | _aCHU | ||
| 942 |
_cLIB _dJUS _fJUS _2ddc _n |
||
| 999 |
_c11004 _d11004 |
||